LIBRARY & INFORMATION CENTRE, KCAET, TAVANUR

ONLINE PUBLIC ACCESS CATALOGUE (OPAC)

Pipe Drafting and Design Workbook: Using Manual, Autocad, and Pro-Pipe Applications / (Record no. 6813)

MARC details
000 -LEADER
fixed length control field 00426cam a2200145ua 4500
020 ## - INTERNATIONAL STANDARD BOOK NUMBER
ISBN 9780884156581
082 ## - DEWEY DECIMAL CLASSIFICATION NUMBER
Classification number 621.8672
Item number PAR/PI
100 ## - MAIN ENTRY--AUTHOR NAME
Personal name Parisher, Roy A .
100 ## - MAIN ENTRY--AUTHOR NAME
Personal name Rhea, Robert A .
245 ## - TITLE STATEMENT
Title Pipe Drafting and Design Workbook: Using Manual, Autocad, and Pro-Pipe Applications /
250 ## - EDITION STATEMENT
Edition statement 1 /
260 ## - PUBLICATION, DISTRIBUTION, ETC. (IMPRINT)
Place of publication London :
Name of publisher Gulf Publishing Company ,
Year of publication 1996.
300 ## - PHYSICAL DESCRIPTION
Number of Pages 116 ; .
942 ## - ADDED ENTRY ELEMENTS (KOHA)
Koha item type Reference
Holdings
Withdrawn status Lost status Damaged status Collection code Home library Current library Shelving location Date acquired Full call number Accession Number Koha item type
      Reference KAUAET KAUAET Reference 07/04/2012 621.8672.PAR/PI 20355 Reference
free website counter